Industrual and Economics: Theory and Evidence (Record no. 591)

MARC details
005 - DATE AND TIME OF LATEST TRANSACTION
control field 20250314073432.0
020 ## - INTERNATIONAL STANDARD BOOK NUMBER
International Standard Book Number 0-19-877113-4
082 ## - DEWEY DECIMAL CLASSIFICATION NUMBER
Classification number 338 HAY
100 ## - MAIN ENTRY--PERSONAL NAME
Author name HAY, A. D.
245 ## - TITLE STATEMENT
Title Industrual and Economics: Theory and Evidence
260 ## - PUBLICATION, DISTRIBUTION, ETC.
Place of publication, distribution, etc. New York,
Name of publisher, distributor, etc. Oxford University Press,
Date of publication, distribution, etc. 1986.
300 ## - PHYSICAL DESCRIPTION
Extent vi, 649p.: ill,; figure, table.
Other physical details Index.
Dimensions 23cm.
700 ## - ADDED ENTRY--PERSONAL NAME
Other authors/Editors MORRIS, J. D.
942 ## - ADDED ENTRY ELEMENTS (KOHA)
Source of classification or shelving scheme Dewey Decimal Classification
Koha item type Books
Holdings
Date last seen Total checkouts Full call number Barcode Cost, replacement price Price effective from Koha item type Lost status Source of classification or shelving scheme Damaged status Not for loan Withdrawn status Home library Current library Shelving location Date acquired Cost, normal purchase price
03/14/2025   338 HAY 0000002314 10000.00 03/14/2025 Books   Dewey Decimal Classification       College of Business Education Main Library College of Business Education Main Library General Collection 03/14/2025 30000.00
03/14/2025   338 HAY 0000002315 10000.00 03/14/2025 Books   Dewey Decimal Classification       College of Business Education Main Library College of Business Education Main Library General Collection 03/14/2025 30000.00
03/14/2025   338 HAY 0000002316 10000.00 03/14/2025 Books   Dewey Decimal Classification       College of Business Education Main Library College of Business Education Main Library General Collection 03/14/2025 30000.00